LEADER 00840nam 2200289 450 001 990001042660203316 035 $a0104266 035 $aUSA010104266 035 $a(ALEPH)000104266USA01 035 $a0104266 100 $a20020319d1979----km-y0itay0103----ba 101 $aeng 102 $aHU 105 $a||||||||001yy 200 1 $a<> New Hungarian quarterly$ea reader's guide to the new hungarian quarterly$ea complete analytical index nos 1-75, 1960-1979 210 $aBudapest$cNHQ$d1979 215 $app. 118$d25 cm 410 $12001 801 0$aIT$bsalbc$gISBD 912 $a990001042660203316 959 $aBK 969 $aECO 979 $aPATTY$b90$c20020319$lUSA01$h1448 979 $c20020403$lUSA01$h1744 979 $aPATRY$b90$c20040406$lUSA01$h1712 996 $aNew Hungarian Quarterly$9976781 997 $aUNISA LEADER 01992 am 22003253u 450 001 9910765789303321 005 20200113 024 7 $a10.3726/b13742 035 $a(CKB)4100000007523074 035 $a(OAPEN)1003059 035 $a(EXLCZ)994100000007523074 100 $a20200113d|||| uy 101 0 $ager 135 $auuuuu---auuuu 200 14$aDie beschaeftigungspolitische und fiskalische Problematik der Arbeitgeberbeitraege zur Rentenversicherung 210 $aBern$cPeter Lang International Academic Publishers$d2018 215 $a1 online resource (274) 311 $a3-8204-9575-4 330 $aUnter dem Schlagwort «Maschinensteuer» werden seit Ende der siebziger Jahre alternative Bemessungsgrundlagen für die Arbeitgeberbeiträge zur Rentenversicherung diskutiert. Dabei dominieren beschäftigungspolitische und fiskalische Aspekte. Die Anhänger einer Umstellung des Arbeitgeberanteils auf die Wertschöpfung befürchten, dass lohnbezogene Beiträge verstärkte Rationalisierungsinvestitionen und damit eine Zunahme der Arbeitslosigkeit nach sich ziehen. Ausserdem rechnen sie mit einer Destabilisierung der Rentenfinanzen aufgrund einer langfristig sinkenden Lohnquote und einer unzureichenden Akzeptanz demographisch bedingter Beitragserhöhungen. Der Verfasser setzt sich mit den theoretischen Grundlagen der Kritik an der lohnbezogenen Beitragsbemessung auseinander und zeigt, dass die vorgetragenen Einwände einer gesamtwirtschaftlichen Analyse nicht standhalten. 517 $aFinanzwissenschaftliche Schriften vol. 32 606 $aPolitics & government$2bicssc 606 $aWelfare economics$2bicssc 615 7$aPolitics & government 615 7$aWelfare economics 676 $a338.4/33684/00943 700 $aScherf$b Wolfgang$4aut$01303338 906 $aBOOK 912 $a9910765789303321 996 $aDie beschaeftigungspolitische und fiskalische Problematik der Arbeitgeberbeitraege zur Rentenversicherung$93039044 997 $aUNINA